01755cam a22002775a 4500999001700000005001700017008004100034020001800075040003800093082002500131100002800156245010800184250001300292260004200305300004200347504005100389520073700440650002201177650002601199651001001225653002001235700001901255700002401274942000801298952017101306 c27342d2731320190403123915.0180411t2019 moua frb 001 0 eng d a9780323549394 aDLCbengcDLCdEG-ScBUEdEG-ScBUE04a618.9200231bHOC2221 aHockenberry, Marilyn J.10aWong's nursing care of infants and children /cMarilyn J. Hockenberry, David Wilson, Cheryl C. Rodgers. a11th ed. aLouis, Missouri :bElsevier,cc.2019. axxx, 1392 p. :bill. (col.) ;c28 cm. aIncludes bibliographical references and index. aThe leading text in pediatric nursing, Wong's Nursing Care of Infants and Children takes a unique, easy-to-understand developmental approach to describe the care of children at each age and stage of development. Childhood diseases and disorders are organized by age groups and body systems, and described through the nursing process framework. This edition includes updates on topics such as the new CPR guidelines, immunizations, and pain assessment and management. Written by pediatric experts, Dr. Marilyn Hockenberry and David Wilson, each with nearly 30 years of hands-on experience, this bestseller provides an evidence-based, clinical perspective that shows how the quality of nursing care can impact quality patient outcomes 7aChildcare.2BUEsh 7aInfantsxCare.2BUEsh 2BUEsh bNNURcApril20191 aWilson, David.1 aRodgers, Cheryl C.  2ddc 00102ddc40708AlahramaMAINbMAINc1STd2019-04-01ePurchaseg2345.00h591l2o618.9200231 HOCp000043311q2022-04-16r2022-03-16 00:00:00s2022-03-16v2931.25yBB